AH International Schools' Libraries

What is a wave? / (Record no. 48072)

MARC details
000 -LEADER
fixed length control field 00338nam a2200109 4500
245 ## - TITLE STATEMENT
Title What is a wave? /
Statement of responsibility, etc Chris Arvetis and Carole Palmer.
260 ## - PUBLICATION, DISTRIBUTION, ETC. (IMPRINT)
Place of publication, distribution, etc Middletown:
Name of publisher, distributor, etc Field Publications;
Date of publication, distribution, etc 1986.
300 ## - PHYSICAL DESCRIPTION
Extent unpaged.
Other physical details col. ill.
490 ## - SERIES STATEMENT
Series statement A just - ask books;
700 ## - ADDED ENTRY--PERSONAL NAME
Relator code illustrator.
Personal name Vernon McKissack.
9 (RLIN) 85842
942 ## - ADDED ENTRY ELEMENTS (KOHA)
Source of classification or shelving scheme
Koha item type Book
Holdings
Withdrawn status Lost status Source of classification or shelving scheme Damaged status Not for loan Home library Current library Shelving location Date acquired Total Checkouts Full call number Barcode Date last seen Date checked out Price effective from Koha item type
          Asian Hope Early Years Library Asian Hope Early Years Library Easy Reading 12/09/2024 4 E ARV 206803 03/11/2026 03/03/2026 12/09/2024 Book

For any Logos Library related questions please contact Miss Art at swongnarasuk@asianhope.org.

For any Asian Hope Library related questions please contact Miss Raza at graza@asianhope.org.

Powered by Koha